| 000 | 00693 a2200193 4500 | ||
|---|---|---|---|
| 999 |
_c6067 _d6067 |
||
| 020 | _a0855984260 (pbk.) | ||
| 050 | 0 | 0 | _aHQ1236 GEN 1998 |
| 245 | 0 | 0 |
_aGender, religion, and spirituality / _cedited by Caroline Sweetman. |
| 264 |
_aLondon: _bOxfam, _c1998 |
||
| 300 | _a87 p. ; | ||
| 440 | 0 | _aOxfam focus on gender | |
| 500 | _aCover title. | ||
| 504 | _aIncludes bibliographical references. | ||
| 650 | 0 |
_aWomen's rights _xReligious aspects. |
|
| 650 | 0 |
_aEconomic development _xReligious aspects. |
|
| 700 | 1 |
_aSweetman, Caroline. _eeditor |
|
| 942 |
_2lcc _cBK _h1236 _iGEN _kHQ |
||